000 00504nam a2200109Ia 4500
008 171212s9999 xx 000 0 und d
100 _aOsilla, Karen Chan;Barnes-Proby, Dionne;Gilbert, Mary Lou;Ramchand, Rajeev
245 _cOsilla, Karen Chan;Barnes-Proby, Dionne;Gilbert, Mary Lou;Ramchand, Rajeev
_aA Case Study Evaluating the Fidelity of Suicide Prevention Workshops in California
260 _bRAND Corporation
_c2014
650 _aHistory
856 _uhttp://www.jstor.org/stable/10.7249/j.ctt14bs30p
999 _c351635
_d351635